|
|
|
|
| LEADER |
00954nam a2200253 a 4500 |
| 001 |
c000049349 |
| 003 |
CARM |
| 005 |
00000000000000.0 |
| 008 |
s1960 nyua 00110 eng d |
| 019 |
1 |
|
|a 2652892
|z 24525243
|z 27686005
|z 23888744
|z 55553150
|5 LACONCORD2021
|
| 035 |
|
|
|a (OCoLC)166132
|5 LACONCORD2021
|
| 040 |
|
|
|a ABS
|c ABS
|
| 100 |
1 |
|
|a Hoel, Paul G.
|q (Paul Gerhard),
|d 1905-
|
| 245 |
1 |
0 |
|a Elementary statistics /
|c Paul G. Hoel.
|
| 260 |
|
|
|a New York :
|b John Wiley,
|c c1960.
|
| 300 |
|
|
|a vii, 261 p. :
|b ill. ;
|c 23 cm.
|
| 440 |
|
0 |
|a Wiley publication in applied statistics
|
| 500 |
|
|
|a Exercises at end of some chapters.
|
| 500 |
|
|
|a Index: p. 259-261.
|
| 650 |
|
0 |
|a Statistics.
|
| 852 |
8 |
|
|b CARM
|h A2:AF02A0
|i B01782
|p 0080175
|f BK
|
| 082 |
0 |
4 |
|a 519/.5
|2 19
|
| 999 |
f |
f |
|i 0d9cc4c6-6f11-5d36-bfd4-dd52697e833d
|s 01854dd9-7df7-57c2-9578-29059caa21a0
|
| 952 |
f |
f |
|p Can circulate
|a CAVAL
|b CAVAL
|c CAVAL
|d CARM 1 Store
|e B01782
|f A2:AF02A0
|h Other scheme
|i book
|m 0080175
|